01911agaaa2200313 45000010005000000030009000050050017000140070009000310080040000400400023000800410013001031000046001161300029001622400020001912450189002112460013004002500022004132600106004353000034005415080125005755110091007005200549007915380016013405460013013566500056013697000054014257000058014797000060015378451IT-RoPAU20220918181223.0d cvaizq50131s9999||||xx ||| | || ||und|| aIT-RoPAUcIT-RoPAU aITALIANO aHerzog WernergCodice regista SPICS: 5495 aBALLATA DI STROSZEK (LA) aSTROSZEKgT2529 aBALLATA DI STROSZEK (LA)cProdotto da: W.H. Filmproduktion -- Sceneggiatura: Werner Herzog -- Diretto da: Herzog WernerpBALLATA DI STROSZEK (LA) (Rif. Codice opera principale : G8451) aSTROSZEK aEdizione Standard aMUNCHEN (GERMANIA)bHERZOG WERNER FILM PRODUKTION / g"1977 (1° ed.: 2000 ; Ed. Lingua Orig.: 1977)" aVHSbsonoro, col.c103 minuti a"Fotografia: T. Mauch, E. Lachman; Montaggio: B.Mainka-Jellinghaus; Musica: Atkins Chet; Sceneggiatura: Werner Herzog; " a"Bruno; Stroszek; Eva; Mattes; Clemens; Scheitz; Eugen; Des; Montagnes; Lotte; Eisner" aFILM A COLORI DISTRIBUITO DALLA MULTIMEDIA SAN PAOLO. SOGGETTO: BRUNO STROSZEK, UN VAGABONDO, OSPITA LA PROSTITUTA EVA. LE DIFFICOLTA' ECONOMICHE E LE MINACCE DEGLI EX PROTETTORI DELLA RAGAZZA INDUCONO I DUE, ACCOMPAGNATI DAL VECCHIO SCHEITZ, A CERCAR FORTUNA IN AMERICA. CON I PRIMI GUADAGNI ACQUISTANO A RATE UNA LUSSUOSA ROULOTTE, MA PER PAGARLA EVA E' COSTRETTA A PROSTITUIRSI E, BEN PRESTO ABBANDONA I DUE UOMINI. BRUNO E SCHEITZ TENTANO UNA GOFFA RAPINA CHE SI CONCLUDE CON L'ARRESTO DI SCHEITZ. STROSZEK, RIMASTO SOLO, SI TOGLIE LA VITA. aPAL, STEREO aITALIANO aDRAMMATICOeFILMS [VHS]xCodice MATERIA SPICS: 9960 aAtkins Chete(musica)gCodice Musica SPICS: 10708 aHerzog Werner e(regista)gCodice regista SPICS: 5495 aHerzog Werner e(soggetto)gCodice Soggetto SPICS: 5495